000 00778nam a22002653 4500
001 77179
003 BD-RjUL
005 20211209082934.0
008 200301s1966 enk 000 0
035 _a(BD-RjUL)77403
040 _aBD-RjUL
_beng
_cBD-RjUL
_dBD-RjUL
041 _aeng
082 0 0 _a821.5
_bPOP 1966
_223
100 1 _aPope, Alexander
_955318
245 1 4 _a Pope : poetical works /
_bEdited by Herbert Davis
260 _aLondon :
_bOxford Univesity press,
_c1966
300 _a754 p. ;
_c23 cm
500 _aIncludes Index
600 _aPope, Alexander,
_d1688-1744
_qCriticism and interpretation.
_9240140
651 _vEnglish poetry
_9240137
690 0 0 _aPoetry
_9240141
700 _aDavis, Herbert
_9240142
752 _aEngland
_dLondon
942 _2ddc
_cBK
999 _c77179
_d77179